Study on experiment of afzelia xylocapa and dipterocapus alatus growth by applying chemical and organic fertilizer nursery, faculty of forestry science (ការសិក្សាពិសោធន៏ពីដំណើរការលូតលាស់របស់ប្រភេទឈើបេងនិងឈើទាលទឹកដោយប្រើជីគីមីនិងជីធម្មជាតិនៅថ្នាលបណ្ដុះកូនឈើមហាវិទ្យាល័យវិទ្យាសាស្រ្តព្រៃឈើ) (Record no. 3213)
[ view plain ]
| 000 -LEADER | |
|---|---|
| fixed length control field | 00917nam a22001577a 4500 |
| 003 - CONTROL NUMBER IDENTIFIER | |
| control field | OSt |
| 005 - DATE AND TIME OF LATEST TRANSACTION | |
| control field | 20151106111918.0 |
| 008 - FIXED-LENGTH DATA ELEMENTS--GENERAL INFORMATION | |
| fixed length control field | 151106b xxu||||| |||| 00| 0 eng d |
| 040 ## - CATALOGING SOURCE | |
| Transcribing agency | RUA |
| 082 ## - DEWEY DECIMAL CLASSIFICATION NUMBER | |
| Classification number | FOR NGE 2002 B128 Or.1 |
| 100 ## - MAIN ENTRY--PERSONAL NAME | |
| 9 (RLIN) | 3443 |
| Personal name | NGEAP, CHHAY. |
| 245 ## - TITLE STATEMENT | |
| Title | Study on experiment of afzelia xylocapa and dipterocapus alatus growth by applying chemical and organic fertilizer nursery, faculty of forestry science (ការសិក្សាពិសោធន៏ពីដំណើរការលូតលាស់របស់ប្រភេទឈើបេងនិងឈើទាលទឹកដោយប្រើជីគីមីនិងជីធម្មជាតិនៅថ្នាលបណ្ដុះកូនឈើមហាវិទ្យាល័យវិទ្យាសាស្រ្តព្រៃឈើ) |
| 260 ## - PUBLICATION, DISTRIBUTION, ETC. (IMPRINT) | |
| Place of publication, distribution, etc. | Phnom Penh |
| Name of publisher, distributor, etc. | RUA |
| Date of publication, distribution, etc. | 2002 |
| 300 ## - PHYSICAL DESCRIPTION | |
| Extent | 67p. |
| Other physical details | ill. |
| Dimensions | 29cm. |
| 942 ## - ADDED ENTRY ELEMENTS (KOHA) | |
| Source of classification or shelving scheme | |
| Koha item type | FOR |
| Price effective from | Date last seen | Permanent Location | Not for loan | Date acquired | Source of classification or shelving scheme | Koha item type | Lost status | Withdrawn status | Date last checked out | Total Checkouts | Shelving location | Damaged status | Barcode | Current Location | Full call number |
|---|---|---|---|---|---|---|---|---|---|---|---|---|---|---|---|
| 2015-11-06 | 2015-11-06 | Library Block B | 2015-11-06 | FOR | B128 | RUA028359 | Library Block B | FOR NGE 2002 B128 Or.1 | |||||||
| 2015-11-06 | 2015-11-06 | Library Block B | 2015-11-06 | FOR | B128 | RUA028431 | Library Block B | FOR NGE 2002 B128 Or.2 | |||||||
| 2015-11-06 | 2015-11-06 | Library Block B | 2015-11-06 | FOR | B128 | RUA028287 | Library Block B | FOR NGE 2002 B128 Or.3 | |||||||
| 2015-11-06 | 2019-02-27 | Library Block B | 2015-11-06 | FOR | 2019-02-11 | 1 | B128 | RUA028933 | Library Block B | FOR NGE 2002 B128 Or.4 | |||||
| 2015-11-06 | 2015-11-06 | Library Block B | 2015-11-06 | FOR | B128 | RUA028934 | Library Block B | FOR NGE 2002 B128 Or.5 |